Dienstgrade der Bundespolizei - Statistiken

Allgemein
  • Dieses Quiz wurde 101 mal gespielt
  • Das Durchschnittsergebnis liegt bei 8 aus 22
Antwortstatistiken
Dienst Amtsbezeichnung % Korrekt
Mittlerer Dienst Polizeimeister
87%
Mittlerer Dienst Polizeihauptmeister
79%
Mittlerer Dienst Polizeiobermeister
78%
Gehobener Dienst Polizeikommissar
71%
Gehobener Dienst Polizeioberkommissar
67%
Gehobener Dienst Polizeihauptkommissar
65%
Gehobener Dienst Polizeihauptkommissar A 11
65%
Höherer Dienst Polizeirat
60%
Mittlerer Dienst Polizeimeisteranwärter
51%
Höherer Dienst Polizeioberrat
48%
Höherer Dienst Polizeidirektor
44%
Gehobener Dienst Erster Polizeihauptkommissar
37%
Gehobener Dienst Polizeikommissaranwärter
30%
Höherer Dienst Leitender Polizeidirektor
24%
Mittlerer Dienst Polizeihauptmeister mit Amtszulage
14%
Höherer Dienst Polizeiratanwärter
11%
Höherer Dienst Präsident der Bundespolizeiakademie
3%
Höherer Dienst Präsident der Bundespolizeidirektion
3%
Höherer Dienst Präsident der Bundespolizeidirektion Sankt Augustin; Vizepräsident beim Bundespolizeipräsidium
3%
Höherer Dienst Präsident des Bundespolizeipräsidiums
3%
Höherer Dienst Direktor in der Bundespolizei (als Abteilungsleiter im Bundespolizeipräsidium)
2%
Mittlerer Dienst Polizeivollzugsangestellter; Bundespolizeilische Unterstützungskraft; Grenzpolizeilische Unterstützungskraft;
0%
Keine übereinstimmenden Quizze gefunden
Verteilung der Resultate
Anzahl Personen mit jedem Resultat
Perzentil nach korrekt beantworteten Fragen
Ihre Resultats-Entwicklung
Sie haben dieses Quiz noch nicht gespielt